The chemical dialogue between plants and beneficial microorganisms /

The Chemical Dialogue Between Plants and Beneficial Microorganisms provides foundational insights on plant beneficial microorganisms and their impact on the health and productivity of plants.

Bibliographic Details
Corporate Author: ScienceDirect (Online service)
Other Authors: Sharma, Vivek (Microbiology researcher) (Editor)
Format: eBook
Language:English
Published: London ; San Diego, CA : Academic Press, [2023]
Subjects:
Online Access:Connect to the full text of this electronic book

MARC

Tag First Indicator Second Indicator Subfields
LEADER 00000cam a22000007i 4500
001 in00005771982
005 20260327174720.6
006 m o d
007 cr cnu---unuuu
008 230731t20232023enka ob 001 0 eng d
040 |a YDX  |b eng  |e rda  |c YDX  |d OPELS  |d N$T  |d YDX  |d OCLCO  |d OCLCF  |d OCLCQ  |d VRC  |d OCLCL  |d SFB 
019 |a 1535409122  |a 1555349381 
020 |a 9780323972116  |q electronic book 
020 |a 032397211X  |q electronic book 
020 |z 9780323917346 
020 |z 0323917348 
035 |a (OCoLC)1391544756  |z (OCoLC)1535409122  |z (OCoLC)1555349381 
050 4 |a QR351  |b .C44 2023 
082 0 4 |a 579/.178  |2 23/eng/20230807 
049 |a TXAM 
245 0 4 |a The chemical dialogue between plants and beneficial microorganisms /  |c edited by Vivek Sharma [and four others]. 
264 1 |a London ;  |a San Diego, CA :  |b Academic Press,  |c [2023] 
264 4 |c ©2023 
300 |a 1 online resource (xii, 321 pages) :  |b illustrations (some color) 
336 |a text  |b txt  |2 rdacontent 
337 |a computer  |b c  |2 rdamedia 
338 |a online resource  |b cr  |2 rdacarrier 
505 0 0 |t Trichoderma-derived elicitor-like molecules and their role in plant immunity /  |r Vivek Sharma, Richa Salwan --  |t Microbial volatiles-mediated plant growth promotion and stress management in plants /  |r Shweta Kulshreshtha [and others] --  |t Bacterial cyclodipeptides in triggers plant immunity potential /  |r Jolanta Jaroszuk-Ściseł, Artur Nowak --  |t Plant-microbe interaction in alleviating drought stress /  |r Neelam Prabha Negi [and others] --  |t Molecular genetics of arbuscular mycorrhizal symbiosis /  |r Chai Hao Chiu [and others] --  |t The chemical dialogue between plants and beneficial arbuscular fungi in disease resistance /  |r M. Manresa-Grao [and others] --  |t Signaling in mycorrhizal symbioses /  |r Richa Salwan [and others] --  |t Signaling in arbuscular mycorrhizal association /  |r Richa Salwan [and others] --  |t The molecular architecture of rhizobium-plant symbiosis in nitrogen fixation /  |r Rita Mahapatra [and others] --  |t Nitrogen fixation in nonlegume plants and genomics of nitrogen-fixing nonrhizobium symbioses /  |r Ravi Patel, Amisha Patel --  |t The genus Trichoderma as biocontrol agent of plant pathogens /  |r Iryna Kurchenko [and others] --  |t Insight of plant-endophytes interactions /  |r Richa Salwan, Vivek Sharma --  |t The role of Trichoderma fungi in inducing defense mechanisms in plants /  |r Elżbieta Gębarowska [and others] --  |t Histone acetyltransferases and histone deacetylases of trichoderma: their role in plant microbe interactions /  |r Vivek Sharma, Richa Salwan --  |t Microbial secondary metabolites in plant health /  |r David Ruano-Rosa, Jerson Garita-Cambronero --  |t Rhizoctonia spp. as beneficial and mycorrhizal fungi /  |r Ewa Moliszewska [and others] --  |t Microbial volatile compounds in plant health /  |r Rajinder Kaur [and others] --  |t Metabolic and genomic traits of PGPR in salinity stress /  |r Monika Vaishnav, Zalak M. Patel --  |t Insights into the mechanisms of plant growth promotion by halotolerant rhizobacteria in saline-stressed plants /  |r Raj Saini --  |t Biology of nitrogen fixation in Frankia /  |r Rhydum Sharma [and others] --  |t Role of root-associated fungal microbiota and its contribution to plant phosphorus nutrition /  |r Harsh Sojitra [and others] --  |t Role of phytohormones in modulating plant microbe interaction /  |r Mehrun Nisha Khanam [and others] --  |t Plant beneficial microbes and their role in planthealth /  |r Shabnam Katoch, Vivek Sharma. 
504 |a Includes bibliographical references and index. 
588 |a Description based on online resource; title from digital title page (viewed on September 21, 2023). 
520 |a The Chemical Dialogue Between Plants and Beneficial Microorganisms provides foundational insights on plant beneficial microorganisms and their impact on the health and productivity of plants. 
532 8 |a Trusted Intermediary contact: t.narup@elsevier.com 
532 8 |a Publisher contact for further accessibility information: t.narup@elsevier.com 
650 0 |a Plants  |x Microbiology. 
650 6 |a Plantes  |x Microbiologie. 
650 7 |a Plants  |x Microbiology.  |2 fast  |0 (OCoLC)fst01066055 
655 7 |a Electronic books.  |2 local 
700 1 |a Sharma, Vivek  |c (Microbiology researcher),  |e editor. 
710 2 |a ScienceDirect (Online service) 
776 0 8 |i Print version:  |z 9780323972116 
776 0 8 |i Print version:  |z 0323917348  |z 9780323917346  |w (OCoLC)1333078875 
776 0 8 |i Print version:  |t CHEMICAL DIALOGUE BETWEEN PLANTS AND BENEFICIAL MICROORGANISMS.  |d [S.l.] : ELSEVIER ACADEMIC PRESS, 2023  |z 0323917348  |w (OCoLC)1333078875 
776 0 8 |i Print version:  |a Sharma, Vivek  |t The Chemical Dialogue Between Plants and Beneficial Microorganisms  |d San Diego : Elsevier Science & Technology,c2023  |z 9780323917346 
856 4 0 |u http://proxy.library.tamu.edu/login?url=https://www.sciencedirect.com/science/book/9780323917346  |z Connect to the full text of this electronic book  |t 0 
955 |a Elsevier ScienceDirect 2026-2027 
994 |a 92  |b TXA 
999 f f |i 324d09bc-f781-4cd6-a4fd-8d9ba5f1276c  |s fca4b7ea-d508-42bf-81ec-a4b69aeb0e4c  |t 0 
952 f f |a Texas A&M University  |b College Station  |c Electronic Resources  |s www_evans  |d Available Online  |t 0  |e QR351 .C44 2023  |h Library of Congress classification 
998 f f |a QR351 .C44 2023  |t 0  |l Available Online